Running the road to ABC / (Record no. 4790)

MARC details
000 -LEADER
fixed length control field 00977nam a22003017a 4500
001 - CONTROL NUMBER
control field 4790
003 - CONTROL NUMBER IDENTIFIER
control field FISKH
005 - DATE AND TIME OF LATEST TRANSACTION
control field 20241014095853.0
008 - FIXED-LENGTH DATA ELEMENTS--GENERAL INFORMATION
fixed length control field 241014b cb ||||| |||| 00| 0 eng d
020 ## - INTERNATIONAL STANDARD BOOK NUMBER
International Standard Book Number 9780545861410
040 ## - CATALOGING SOURCE
Original cataloging agency FISKH
Language of cataloging eng
Transcribing agency FISKH
Modifying agency FISKH
050 ## - LIBRARY OF CONGRESS CALL NUMBER
Classification number PZ7.L9185
082 ## - DEWEY DECIMAL CLASSIFICATION NUMBER
Classification number 424
100 ## - MAIN ENTRY--PERSONAL NAME
Personal name Lauture, Denize
Dates associated with a name (1946-)
245 ## - TITLE STATEMENT
Title Running the road to ABC /
Statement of responsibility, etc. By Denize Lauture Illustrated By Reynold Ruffins
250 ## - EDITION STATEMENT
Edition statement 1996
260 ## - PUBLICATION, DISTRIBUTION, ETC.
Place of publication, distribution, etc. New York :
Name of publisher, distributor, etc. Scholastic,
Date of publication, distribution, etc. 1996.
300 ## - PHYSICAL DESCRIPTION
Extent 26 pages :
Other physical details Color illustrations ;
Dimensions 23 cm
505 ## - FORMATTED CONTENTS NOTE
Formatted contents note R<br/>
520 ## - SUMMARY, ETC.
Summary, etc. Long before the sun even thinks of rising the Haitian children run to school where they learn the letters, sounds, and words of their beautiful books.
521 8# - TARGET AUDIENCE NOTE
Target audience note 710L<br/>
Source Lexile<br/>
521 8# - TARGET AUDIENCE NOTE
Target audience note R<br/>
Source Raz-Plus<br/>
650 ## - SUBJECT ADDED ENTRY--TOPICAL TERM
Source of heading or term Alphabet
Topical term or geographic name entry element Picture book
Form subdivision School
650 ## - SUBJECT ADDED ENTRY--TOPICAL TERM
Source of heading or term Nature
Topical term or geographic name entry element Alphabet book
700 ## - ADDED ENTRY--PERSONAL NAME
Personal name Ruffins, Reynold
Dates associated with a name Illustrator
942 ## - ADDED ENTRY ELEMENTS (KOHA)
Source of classification or shelving scheme Dewey Decimal Classification
Koha item type Books
Suppress in OPAC No
Holdings
Withdrawn status Lost status Source of classification or shelving scheme Damaged status Not for loan Collection Home library Current library Shelving location Date acquired Total Checkouts Full call number Barcode Date last seen Copy number Price effective from Koha item type
    Dewey Decimal Classification     Fiction Footprints International School Library Network Toul Kork Campus Footprints International School Library Network Toul Kork Campus TK Primary Library Room(4th Floor), Bookcase 5&6, Shelves 33-56, Orange Books 10/14/2024   LAU 424 PZ7.L9185 2024-2138 10/14/2024 1 10/14/2024 Books